000 00285nam a2200109Ia 4500
008 190216s9999||||xx |||||||||||||| ||und||
100 _aSherwood J F & Clem Boling&Amp; 
 Carson Ab
245 0 _aCollege Accounting
260 _bS Chand & Co
_c1951
300 _a575p
942 _cBK
999 _c4438
_d4438